000 00882nam a22002657a 4500
003 DO-SdBNP
005 20210921091816.0
008 210915b 2018 dr | 00| 0 spa d
020 _a9789945168815
040 _aBPMSU
_bSpa.
_cBPMSU
082 _aRD863.5
_bJ58Ln 2018
_222
100 1 _a Jesús Ulerio, Luis Felipe de
_d1970 -
245 1 0 _aLaika y Balto :
_bmisión felicidad /
_cLuis Felipe De Jesús Ulerio
260 _aSanto Domingo :
_bEditora Búho,
_c2018
300 _a142 p. ;
_c21 cm.
500 _aIncluye datos biográficos del autor en la solapa de la cubierta
500 _aUna filosofía de vida
590 _6Inventariado, 2021/VM
650 4 _aCuentos dominicanos
650 4 _aFelicidad
_vCuentos infantiles
_2
650 4 _aAnimales
_vCuentos infantiles.
650 4 _aLiteratura dominicana
910 _aMcabrera /VMateo V.
942 _2ddc
_cBK
999 _c13732
_d13732